Managerial Psychology <An> Introduction to Individuals, Pairs, and Groups in Organizations
Na minha lista:
| Autor principal: | |
|---|---|
| Formato: | Livro |
| Idioma: | inglês |
| Publicado em: |
Chicago
University of Chicago Press
1964
|
| Edição: | 2. ed. |
| Assuntos: | |
| Tags: |
Sem tags, seja o primeiro a adicionar uma tag!
|
MARC
| LEADER | 00000nam a2200000 4500 | ||
|---|---|---|---|
| 001 | c002044 | ||
| 005 | 20221220103255.6 | ||
| 041 | 0 | |a eng | |
| 044 | |a US | ||
| 245 | 1 | 0 | |a Managerial Psychology |b <An> Introduction to Individuals, Pairs, and Groups in Organizations |c Harold J. Leavitt |
| 250 | |a 2. ed. | ||
| 264 | 1 | |a Chicago |b University of Chicago Press |c 1964 | |
| 300 | |a 434 s. | ||
| 610 | 2 | 0 | |a psychológia riadenia |
| 610 | 2 | 0 | |a manažment |
| 610 | 2 | 0 | |a pracovníci |
| 610 | 2 | 0 | |a individualita |
| 610 | 2 | 0 | |a skupiny pracovné |
| 610 | 2 | 0 | |a práca personálna |
| 610 | 2 | 0 | |a vzťahy pracovné |
| 610 | 2 | 0 | |a autorita |
| 610 | 2 | 0 | |a komunikácia |
| 610 | 2 | 0 | |a vzťahy medziľudské |
| 610 | 2 | 0 | |a konflikty |
| 610 | 2 | 0 | |a organizácia práce |
| 610 | 2 | 0 | |a práca riadiaca |
| 610 | 2 | 0 | |a kolektív pracovný |
| 100 | 1 | |a Leavitt, Harold J. | |